| 000 | 01339nam a2200397 i 4500 | ||
|---|---|---|---|
| 999 |
_c50946 _d50946 |
||
| 001 | 50946 | ||
| 003 | ES-MaCES | ||
| 005 | 20180927103205.0 | ||
| 008 | 180926s2018 sp f 000 ||spa d | ||
| 017 |
_aV 2101-2018 _bDL |
||
| 020 | _a9788491905561 | ||
| 040 |
_aES-MaCES _bspa _cES-MaCES |
||
| 245 | 0 | 0 |
_aDerecho del trabajo _cdir., José María Goerlich Peset ; coord., Jesús García Ortega ; autores, Carlos Luis Alfonso Mellado ... [et al.] |
| 250 | _a6ª ed | ||
| 260 |
_aValencia _bTirant lo Blanch _c2018 |
||
| 300 |
_a838 p. _c24 cm |
||
| 490 | 0 | _aManuales | |
| 504 | _aBibliografía | ||
| 541 | _cCompra | ||
| 650 | 4 |
_aderecho del trabajo _927165 |
|
| 650 | 4 |
_alegislación del trabajo _927166 |
|
| 650 | 4 |
_acondiciones de trabajo _928327 |
|
| 650 | 4 |
_anegociación colectiva _928362 |
|
| 650 | 4 |
_arelaciones laborales _928369 |
|
| 650 | 4 |
_aprocedimiento laboral _930887 |
|
| 650 | 4 |
_aderecho jurisprudencial _929863 |
|
| 650 | 4 |
_aEspaña _926964 |
|
| 650 | 4 |
_amanual _929264 |
|
| 653 | 1 | 0 | _aDerecho del trabajo y Seguridad Social |
| 700 | 1 |
_913524 _aGoerlich Peset, José María _edir. |
|
| 700 | 1 |
_913011 _aGarcía Ortega, Jesús _ecoord. |
|
| 700 | 1 |
_95913 _aAlfonso Mellado, Carlos Luis |
|
| 830 | 0 |
_aManuales (Tirant lo Blanch (Firma)) _933478 |
|
| 902 | _aLIB Libro | ||
| 942 |
_2CES _cBK _h6.0.1. |
||